000 00909nam a2200253 i 4500
001 17796
003 ES-MaACL
005 20240222063045.0
007 t|
008 010528s1999 sp ||||1| spa d
020 _a84-7522-803-8
080 _a821.134.2 Larra, Mariano José de 1.06
080 _a929 Larra, Mariano José de
100 1 _aUmbral, Francisco,
_d1932-2007
_9111971
245 1 0 _aLarra
_b: anatomía de un dandy /
_cFrancisco Umbral.
260 _aMadrid :
_bVisor Libros :
_bConsejería de Educación,
_c[1999]
300 _a143 p. ;
_c23 cm.
490 1 _aLetras madrileñas contemporáneas ;
_v3
600 1 4 _aLarra, Mariano José de,
_d1809-1837
_970287
710 1 _aMadrid (Comunidad Autónoma).
_bConsejería de Educación.
_95600
830 0 _aLetras madrileñas contemporáneas ;
_v3
_9180341
852 _aES-MaACL
_jL-24707
_bR.129962
999 _c17796
_d17796